| 000 | 01175nam1a22002891 4500 | ||
|---|---|---|---|
| 001 | v19\rc\2072444 | ||
| 005 | 20081218103149.7 | ||
| 035 | _a(NLR Aleph) 005175183 | ||
| 090 |
_a5096817 _c5096817 |
||
| 100 | _a20081218d1916 |||y0rusy50 ca | ||
| 101 | 0 | _arus | |
| 102 | _aRU | ||
| 105 | _a z |||h| | ||
| 200 | 1 |
_aРазвитие речи _eПисьменные и устные упражнения в изложении мысли _eТретий год обучения _fСост. М. Лопырева, Е. Соловьева, Е. Тихеева и Е. Ционглинская |
|
| 205 | _a5-е изд., перепеч. со 2-го изд. ... Вып. -2 | ||
| 210 |
_aПетроград _cН. Фену и К° _d1916 |
||
| 215 | _d24 | ||
| 702 | 1 |
_aСоловьева _bЕ. _4220 |
|
| 702 | 1 |
_aЛопырева _bМ. П. _f1870- _gМария Петровна _4220 |
|
| 702 | 1 |
_6z01790 _aТихеева _bЕ. И. _f1867- _gЕлизавета Ивановна _4220 |
|
| 702 | 1 |
_aЦионглинская _bЕ. _4220 |
|
| 790 | 1 |
_6z01702 _bс _f1867- |
|
| 801 | 0 |
_aRU _bNLR _gpsbo |
|
| 801 | 1 |
_aRU _bProSoft-M _2rusmarc |
|
| 852 |
_aNLR _j20.98.8.67(3) |
||
| 942 | _cBOOK | ||
| 980 | _aNB | ||